Formel 1 Strecken 2025 #2 - Statistiken

Allgemein
  • Dieses Quiz wurde 126 mal gespielt
  • Das Durchschnittsergebnis liegt bei 6 aus 8
Antwortstatistiken
Bildquiz Antwort % Korrekt
Baku City Circuit
90%
Las Vegas Street Circuit
82%
Circuit of the Americas
79%
Marina Bay Street Circuit
77%
Autódromo José Carlos Pace
75%
Losail International Circuit
74%
Yas Marina Circuit
70%
Autódromo Hermanos Rodríguez
65%
Keine übereinstimmenden Quizze gefunden
Verteilung der Resultate
Anzahl Personen mit jedem Resultat
Perzentil nach korrekt beantworteten Fragen
Ihre Resultats-Entwicklung
Sie haben dieses Quiz noch nicht gespielt